| 000 | 01288cam a2200325 i 4500 | ||
|---|---|---|---|
| 001 | 15679292 | ||
| 003 | EG-ScBUE | ||
| 005 | 20241027094255.0 | ||
| 008 | 090330t2009 ne a f 001 0 eng d | ||
| 020 | _a9780750687621 (pbk.) | ||
| 020 | _a0750687622 (pbk.) | ||
| 035 | _a(OCoLC)ocn255902074 | ||
| 040 |
_aUKM _beng _erda _cUKM _dBTCTA _dYDXCP _dOCLCQ _dDLC _dEG-ScBUE |
||
| 082 | 0 | 4 |
_a518.02855 _222 _bATT |
| 100 | 1 |
_aAttaway, Stormy, _eauthor. _911372 |
|
| 245 | 1 | 0 |
_aMATLAB : _ba practical introduction to programming and problem solving / _cby Stormy Attaway, College of Engineering, Boston University, Boston, MA. |
| 264 | 1 |
_aAmsterdam ; _aBoston : _bButterworth-Heinemann, _c[2009] |
|
| 264 | 4 | _cc2009 | |
| 300 |
_axx, 452 pages : _billustrations (chiefly color) ; _c24 cm |
||
| 336 |
_2rdacontent _atext _btxt |
||
| 337 |
_aunmediated _2rdamedia _bn |
||
| 338 |
_avolume _bnc _2rdacarrier |
||
| 500 | _aIncludes index. | ||
| 630 | 0 | 7 |
_aMATLAB. _2BUEsh _911373 |
| 650 | 7 |
_aNumerical analysis _xData processing. _2BUEsh _911374 |
|
| 650 | 7 |
_aComputer programming. _2BUEsh _911375 |
|
| 655 | _vReading book | ||
| 942 |
_2ddc _cBB |
||
| 999 |
_c13385 _d13385 |
||